Introduction to large truncated Toeplitz matrices (Record no. 219644)

MARC details
000 -LEADER
fixed length control field 00691nam a2200217Ia 4500
008 - FIXED-LENGTH DATA ELEMENTS--GENERAL INFORMATION
fixed length control field 191130s1999##################000#0#eng##
020 ## - INTERNATIONAL STANDARD BOOK NUMBER
ISBN 9780387985701
082 ## - DEWEY DECIMAL CLASSIFICATION NUMBER
Classification number 512.9434 BOT
100 ## - MAIN ENTRY--AUTHOR NAME
Personal name Böttcher, Albrecht
245 ## - TITLE STATEMENT
Title Introduction to large truncated Toeplitz matrices
Statement of responsibility, etc Albrecht Böttcher, Bernd Silbermann
260 ## - PUBLICATION, DISTRIBUTION, ETC. (IMPRINT)
Place of publication Berlin ; New York
Name of publisher Springer
Year of publication 1999
300 ## - PHYSICAL DESCRIPTION
Number of Pages xi, 258 p. : ill. ; 24 cm
500 ## - GENERAL NOTE
General note Includes bibliographical references (p. [243]-253) and index
650 ## - SUBJECT ADDED ENTRY--TOPICAL TERM
Topical Term Toeplitz matrices
700 ## - ADDED ENTRY--PERSONAL NAME
Personal name Silbermann, Bernd
991 ## -
-- 163673
Holdings
Withdrawn status Lost status Damaged status Not for loan Home library Current library Shelving location Date acquired Full call number Accession Number Price effective from Koha item type
        Anna Centenary Library Anna Centenary Library 5TH FLOOR, A WING 13.10.2020 512.9434 BOT 293171 13.10.2020 English Books

Find us on the map